000 00340nam a2200145Ia 4500
008 191201s2009 xx 000 0 und d
082 _a658
_bPAG
100 _aPARKINSON,C. Northcote
245 0 _aGreat Ideas in Management
250 _aRep
260 _aN. Delhi
_bVision Book
_c2009
300 _a214
650 _aBBA
942 _2ddc
_cBK
999 _c4481
_d4481